000 00694nac a22001931u 4500
010 _a 2002075410
020 _a0130336319 (pbk.)
082 0 0 _a620/.001
_bB6171
090 _c377
_d377
100 _aBiran, Adrian.
245 1 0 _aMATLAB 6 for engineers /
_cAdrian Biran, Moshe Breiner.
260 _aNew York :
_bPrentice Hall,
_c2002.
300 _ap. cm.
650 0 _aNumerical analysis
_xData processing.
650 0 _aEngineering mathematics
_xData processing.
700 1 _aBreiner, Moshe.
942 _cBB
_k620.001B6171
999 _c377
_d377